How Smart is your Cat? : (Record no. 492669)
[ view plain ]
| 000 -LEADER | |
|---|---|
| fixed length control field | 01644nam a22002297a 4500 |
| 003 - CONTROL NUMBER IDENTIFIER | |
| control field | OSt |
| 005 - DATE AND TIME OF LATEST TRANSACTION | |
| control field | 20260511142218.0 |
| 008 - FIXED-LENGTH DATA ELEMENTS--GENERAL INFORMATION | |
| fixed length control field | 260511b |||||||| |||| 00| 0 eng d |
| 020 ## - INTERNATIONAL STANDARD BOOK NUMBER | |
| International Standard Book Number | 9781848669147 |
| 040 ## - CATALOGING SOURCE | |
| Original cataloging agency | Kenya National Library Service |
| 082 ## - DEWEY DECIMAL CLASSIFICATION NUMBER | |
| Classification number | 636.8 ALD |
| 100 ## - MAIN ENTRY--PERSONAL NAME | |
| Personal name | Alderton, David |
| Relator term | Author |
| 245 ## - TITLE STATEMENT | |
| Title | How Smart is your Cat? : |
| Remainder of title | discover if your pet can solve this fun feline tests / |
| Statement of responsibility, etc. | David Alderton. |
| 300 ## - PHYSICAL DESCRIPTION | |
| Extent | 192 pages : |
| Other physical details | color illustrations ; |
| Dimensions | 15 cm. |
| 504 ## - BIBLIOGRAPHY, ETC. NOTE | |
| Bibliography, etc. note | Includes index. |
| 520 ## - SUMMARY, ETC. | |
| Summary, etc. | We all wonder how much our pet understands, what is going on in their head and just how intelligent they really are. This entertaining and comprehensive guide will not only explain your cat's sometimes baffling behavior--it will give you the means to test your pet's IQ yourself. Using your cat's natural skills, How Smart Is Your Cat? will enable you to improve their responses and reactions--and ultimately their IQ--as you work through a wealth of intelligence tests, giving them a star rating as they progress. The bond between you will deepen as you learn more about how your cat thinks. Featuring panels on feline psychology, different cat breeds and information on how cats communicate, How Smart Is Your Cat? is the ideal companion for everyone who wants to understand what their cat is thinking and how to communicate with them effectively. The perfect gift for cat lovers everywhere, this book will open your eyes to just how canny your kitten can be!. |
| 650 ## - SUBJECT ADDED ENTRY--TOPICAL TERM | |
| Topical term or geographic name entry element | Cats. |
| 650 ## - SUBJECT ADDED ENTRY--TOPICAL TERM | |
| Topical term or geographic name entry element | Animal husbandry . |
| 942 ## - ADDED ENTRY ELEMENTS (KOHA) | |
| Source of classification or shelving scheme | Dewey Decimal Classification |
| Koha item type | Books |
| Suppress in OPAC | No |
| Withdrawn status | Source of classification or shelving scheme | Damaged status | Not for loan | Home library | Current library | Date acquired | Source of acquisition | Cost, normal purchase price | Total checkouts | Full call number | Barcode | Date last seen | Price effective from | Koha item type |
|---|---|---|---|---|---|---|---|---|---|---|---|---|---|---|
| Dewey Decimal Classification | Nakuru Library | Acquisition, Cataloguing, Classification and Distribution Development | 05/11/2026 | BAI | 749.00 | 636.8 ALD | B227852 | 05/11/2026 | 05/11/2026 | Books |
